Vista normal Vista MARC

Entrada Materia (personas)

Número de registros utilizados en: 2

001 - CONTROL NUMBER

  • control field: 137190

003 - CONTROL NUMBER IDENTIFIER

  • control field: Co-BoUCM

005 - DATE AND TIME OF LATEST TRANSACTION

  • control field: 20211021073421.0

008 - FIXED-LENGTH DATA ELEMENTS

  • fixed length control field: 211021|| aca||aabn | a|a d

040 ## - CATALOGING SOURCE

  • Original cataloging agency: Co-BoUCM
  • Transcribing agency: Co-BoUCM

100 ## - HEADING--PERSONAL NAME

  • Personal name: Sánchez Triana, Ernesto
  • Dates associated with a name: 1952-

670 ## - SOURCE DATA FOUND

  • Source citation: Work cat.: (Co-BoUCM)62154: Sánchez Triana, Ernesto 1952-, Prioridades ambientales para la reducción de la pobreza en Colombia un análisis ambiental del país para Colombia, 2007